Военная слава и гордость Республики Башкортостан (Запись № 13638955)

Подробности
000 -МАРКЕР
контрольное поле 01956nam0a2200349 4500
001 - ИДЕНТИФИКАТОР ЗАПИСИ
контрольное поле RU\NLR\BIBL_A\022587359
005 - ИДЕНТИФИКАТОР ВЕРСИИ
контрольное поле 20260408203954.0
010 ## - МЕЖДУНАРОДНЫЙ СТАНДАРТНЫЙ НОМЕР КНИГИ (ISBN)
Номер (ISBN) 978-5-87865-637-5
Тираж 1000
035 ## - ДРУГИЕ СИСТЕМНЫЕ НОМЕРА
Идентификатор записи (NLR Aleph) 022587359
100 ## - ДАННЫЕ ОБЩЕЙ ОБРАБОТКИ
Данные общей обработки 20250718d2025 k y0rusy50 ca
101 0# - ЯЗЫК РЕСУРСА
Язык текста, звукозаписи и т.д. русский
102 ## - СТРАНА ПУБЛИКАЦИИ ИЛИ ПРОИЗВОДСТВА
Страна публикации российская федерация
105 ## - ПОЛЕ КОДИРОВАННЫХ ДАННЫХ: ТЕКСТОВЫЕ МАТЕРИАЛЫ, МОНОГРАФИЧЕСКИЕ
Кодированные данные о монографическом текстовом документе c z 010yd
181 #0 - ПОЛЕ КОДИРОВАННЫХ ДАННЫХ: ВИД СОДЕРЖАНИЯ
Код вида содержания (ISBD) i
Код характеристики содержания (ISBD) xxxe
182 #0 - ПОЛЕ КОДИРОВАННЫХ ДАННЫХ: ТИП СРЕДСТВА
Код типа средства (ISBD) n - непосредственное
200 1# - ЗАГЛАВИЕ И СВЕДЕНИЯ ОБ ОТВЕТСТВЕННОСТИ
Основное заглавие Военная слава и гордость Республики Башкортостан
Сведения, относящиеся к заглавию жизнь и деятельность известных военачальников
-- [80-летию Победы в Великой Отечественной войне посвящается]
Первые сведения об ответственности М. А. Бикмеев
203 ## - ВИД СОДЕРЖАНИЯ И ТИП СРЕДСТВА
Вид содержания Текст
Дополнительные сведения об издании визуальный
Тип средства непосредственный
210 ## - ПУБЛИКАЦИЯ, РАСПРОСТРАНЕНИЕ И ДР.
Место издания, распространения и т.д. Уфа
Имя издателя, распространителя и т. д. Академия ВЭГУ
Дата издания, распространения и т.д. 2025
215 ## - ФИЗИЧЕСКАЯ ХАРАКТЕРИСТИКА
Специфическое обозначение материала и объем 302 с.
Другие сведения о физической характеристике портр.
Размеры 29
300 ## - ОБЩИЕ ПРИМЕЧАНИЯ
Текст примечания На 4-й с. обл. авт.: М. А. Бикметов – д-р ист. наук, проф., полк., акад. Акад. воен. наук Рос. Федерации, заслуж. работник образования Респ. Башкортостан
320 ## - ПРИМЕЧАНИЯ О НАЛИЧИИ В ДОКУМЕНТЕ БИБЛИОГРАФИИ / УКАЗАТЕЛЯ
Текст примечания Библиогр. в конце лит. ст.
601 02 - НАИМЕНОВАНИЕ ОРГАНИЗАЦИИ КАК ПРЕДМЕТ
Начальный элемент ввода Рабоче-Крестьянская Красная армия
Идентифицирующий признак 1918 - 1946
Тематический подзаголовок Командный состав
Хронологический подзаголовок 1941 - 1945
Идентификатор авторитетной/нормативной записи RU\NLR\AUTH\661556167
Системный номер авторитетной/нормативной записи 2619607
606 1# - НАИМЕНОВАНИЕ ТЕМЫ КАК ПРЕДМЕТ
Наименование темы Полководцы Советской Армии
Хронологический подзаголовок 1941 - 1945
Системный номер авторитетной/нормативной записи 2204960
Идентификатор авторитетной/нормативной записи RU\NLR\AUTH\661324802
606 ## - НАИМЕНОВАНИЕ ТЕМЫ КАК ПРЕДМЕТ
Наименование темы Башкиры
Тематический подзаголовок Участие в Великой Отечественной войне
Хронологический подзаголовок 1941 - 1945
Идентификатор авторитетной/нормативной записи RU\NLR\AUTH\661321996
Системный номер авторитетной/нормативной записи 2199883
686 1# - ИНДЕКСЫ ДРУГИХ КЛАССИФИКАЦИЙ
Индекс Ц35(2)722-424.1д(2Р-6Б)
686 1# - ИНДЕКСЫ ДРУГИХ КЛАССИФИКАЦИЙ
Индекс Т3(2)722.782(2Р-6Б)
700 #1 - ИМЯ ЛИЦА - ПЕРВИЧНАЯ ОТВЕТСТВЕННОСТЬ
Материалы, к которым относится поле rus
Графика поля Кириллица
Начальный элемент ввода Бикмеев
Часть имени, кроме начального элемента ввода М. А.
Даты 1954-
Расширение инициалов личного имени Михаил Ахметович
Идентификатор авторитетной/нормативной записи RU\NLR\AUTH\772232
Системный номер авторитетной/нормативной записи 112248
942 ## - ДОПОЛНИТЕЛЬНЫЕ ЭЛЕМЕНТЫ ЗАПИСИ (АБИС)
Тип экземпляра АБИС Книга
980 ## - КОЛЛЕКЦИЯ
Название коллекции Национальная библиография

Нет доступных экземпляров.